[Event "Wch Juvenil 2010 sub12 Femenino"]
[Site "Porto Carras GRE"]
[Date "2010.10.24"]
[Round "5.4"]
[White "Paramzina, Anastasya"]
[Black "Sunyasakta, Satpathy"]
[Result "1/2-1/2"]
[WhiteElo "1830"]
[BlackElo "1899"]
[PlyCount "137"]
[EventDate "2010.10.20"]
[EventType "swiss"]
[EventRounds "11"]
[EventCountry "GRE"]
[Source "lmi"]
[SourceDate "2010.10.20"]

1. e4 e5 2. Nf3 Nc6 3. Bc4 Nf6 4. Ng5 d5 5. exd5 Nd4 6. c3 b5 7. cxd4 bxc4 8.
dxe5 Qxd5 9. exf6 Qxg5 10. Qf3 Rb8 11. O-O Qxf6 12. Re1+ Be7 13. Qxf6 gxf6 14.
b3 cxb3 15. axb3 Rxb3 16. Ba3 Be6 17. Bxe7 Kxe7 18. f4 Kd7 19. Rxa7 Rb2 20. Rc1
Kd6 21. Nc3 f5 22. d4 c6 23. Ra6 Rc8 24. Ra5 Rd2 25. Ra6 Ke7 26. Ra4 Rd8 27.
Ra7+ Kf6 28. Ra6 R8xd4 29. g3 Rc4 30. Ra3 Kg6 31. Raa1 Rb4 32. Rd1 Rc2 33. Rac1
Rbb2 34. Rxc2 Rxc2 35. Rd3 Kf6 36. h3 Ke7 37. Nd1 c5 38. Rc3 Rxc3 39. Nxc3 c4
40. Kf2 Kd6 41. Ke3 Kc5 42. Ne2 h5 43. Nc3 Kb4 44. Kd2 Kc5 45. Ke3 Bd5 46. Ne2
Bg2 47. h4 Kb4 48. Kd2 Bf1 49. Nc3 Bd3 50. Nd1 Kc5 51. Ke3 Bc2 52. Nc3 Bd3 53.
Nd1 Kb4 54. Kd2 Kb3 55. Nc3 Be4 56. Ne2 Kb4 57. Nc3 Kc5 58. Ke3 Bc2 59. Ne2 Bd3
60. Nc3 Kb4 61. Kd2 Kb3 62. Nd1 Be4 63. Nc3 Bf3 64. Nb1 Kb2 65. Nc3 Kb3 66. Nb1
Kb4 67. Nc3 Bg4 68. Nb1 Kc5 69. Ke3 1/2-1/2

[Event "Wch Juvenil 2010 sub12 Femenino"]
[Site "Porto Carras GRE"]
[Date "2010.10.24"]
[Round "5.5"]
[White "Katanova, Marina"]
[Black "Mahalakshmi, M."]
[Result "0-1"]
[WhiteElo "1970"]
[BlackElo "1815"]
[PlyCount "90"]
[EventDate "2010.10.20"]
[EventType "swiss"]
[EventRounds "11"]
[EventCountry "GRE"]
[Source "lmi"]
[SourceDate "2010.10.20"]

1. d4 Nf6 2. c4 e6 3. Nf3 Bb4+ 4. Bd2 Bxd2+ 5. Nbxd2 d5 6. g3 O-O 7. Bg2 b6 8.
O-O Bb7 9. Rc1 Nbd7 10. Qa4 c5 11. e3 Qe7 12. Rc2 a6 13. Qa3 dxc4 14. Nxc4 b5
15. Ncd2 a5 16. b3 b4 17. Qb2 Nd5 18. Nc4 Nc3 19. Nfe5 Bxg2 20. Kxg2 cxd4 21.
Nc6 Qc5 22. Nxd4 Nf6 23. Ne2 Qc6+ 24. f3 Nxe2 25. Rxe2 Nd5 26. Qe5 a4 27. Rd2
axb3 28. axb3 Nc3 29. Rd6 Ra2+ 30. Rf2 Qa8 31. Nd2 h6 32. Rb6 Nd5 33. Rb5 Qa7
34. Nc4 Rc8 35. Rxa2 Qxa2+ 36. Qb2 Qxb2+ 37. Nxb2 Rc2+ 38. Kh3 Rxb2 39. e4 Ne3
40. Rxb4 h5 41. g4 hxg4+ 42. fxg4 Nf1 43. Kh4 Rxh2+ 44. Kg5 f6+ 45. Kg6 Rh6#
0-1

[Event "Wch Juvenil 2010 sub12 Femenino"]
[Site "Porto Carras GRE"]
[Date "2010.10.24"]
[Round "5.6"]
[White "Peng, Jackie"]
[Black "Goryachkina, Aleksandra"]
[Result "1-0"]
[WhiteElo "1793"]
[BlackElo "2057"]
[PlyCount "83"]
[EventDate "2010.10.20"]
[EventType "swiss"]
[EventRounds "11"]
[EventCountry "GRE"]
[Source "lmi"]
[SourceDate "2010.10.20"]

1. e4 c5 2. Nf3 Nc6 3. d4 cxd4 4. Nxd4 e5 5. Nb5 d6 6. c4 Be6 7. N1c3 a6 8. Na3
Be7 9. Be2 Bg5 10. O-O Bxc1 11. Rxc1 Nf6 12. Nc2 O-O 13. Qd2 Rc8 14. Rfd1 Ne8
15. b4 Qh4 16. f3 Kh8 17. Nd5 Bxd5 18. exd5 Ne7 19. Ne3 f5 20. c5 Rf6 21. Nc4
Rh6 22. h3 Qf6 23. Nb6 Rc7 24. Nc4 f4 25. a4 Nf5 26. cxd6 Nfxd6 27. Nxd6 Qxd6
28. b5 Rf6 29. bxa6 bxa6 30. Kh1 Rf8 31. Rc2 Rff7 32. Rdc1 Rxc2 33. Rxc2 Rc7
34. Rb2 Rc8 35. a5 g6 36. Rb6 Qa3 37. d6 Rc1+ 38. Kh2 Qc5 39. Qxc1 Qxc1 40. d7
Qe3 41. dxe8=Q+ Kg7 42. Qe7+ 1-0

[Event "Wch Juvenil 2010 sub12 Femenino"]
[Site "Porto Carras GRE"]
[Date "2010.10.24"]
[Round "5.7"]
[White "Hua, Margaret"]
[Black "Derakhshani, Dorsa"]
[Result "1/2-1/2"]
[WhiteElo "1943"]
[BlackElo "1799"]
[PlyCount "97"]
[EventDate "2010.10.20"]
[EventType "swiss"]
[EventRounds "11"]
[EventCountry "GRE"]
[Source "lmi"]
[SourceDate "2010.10.20"]

1. e4 e5 2. Bc4 Nc6 3. d3 Bc5 4. Nf3 Nf6 5. Bg5 d6 6. Nc3 h6 7. Bh4 g5 8. Bg3
Bg4 9. Nd5 Nd4 10. Ne3 Nxf3+ 11. gxf3 Be6 12. h4 Nh5 13. Qe2 Bxe3 14. Qxe3 Bxc4
15. dxc4 c5 16. O-O-O Qe7 17. Qd3 O-O-O 18. Kb1 Ng7 19. Rh3 f6 20. Rdh1 h5 21.
Rd1 Ne6 22. c3 Qd7 23. Rhh1 Qf7 24. b3 Ng7 25. Qe3 Ne6 26. a4 f5 27. exf5 Qxf5+
28. Qe4 Qxe4+ 29. fxe4 g4 30. Rd2 Rhf8 31. Rhd1 Kc7 32. Kc2 Nf4 33. Rf1 Ng6 34.
Rd3 Rf6 35. Rfd1 a5 36. R3d2 Rf3 37. Rd3 Rxd3 38. Rxd3 Rf8 39. Rd1 Rf3 40. Rd3
Rf6 41. Rd2 Nf4 42. Kd1 Nh3 43. Ke1 Rf3 44. Rc2 Nf4 45. Kd1 Ng2 46. Ke2 Kc6 47.
Rc1 Nf4+ 48. Kf1 Rd3 49. Ke1 1/2-1/2

[Event "Wch Juvenil 2010 sub12 Femenino"]
[Site "Porto Carras GRE"]
[Date "2010.10.24"]
[Round "5.8"]
[White "Gal, Hanna Krisztina"]
[Black "Vasova, Maria"]
[Result "0-1"]
[WhiteElo "1902"]
[BlackElo "1776"]
[PlyCount "94"]
[EventDate "2010.10.20"]
[EventType "swiss"]
[EventRounds "11"]
[EventCountry "GRE"]
[Source "lmi"]
[SourceDate "2010.10.20"]

1. e4 e5 2. Nf3 Nc6 3. Bb5 a6 4. Ba4 Nf6 5. O-O b5 6. Bb3 Be7 7. Re1 d6 8. a4
b4 9. d3 Na5 10. Ba2 c5 11. Nbd2 O-O 12. Nf1 Qc7 13. Ne3 Be6 14. Bd2 Bxa2 15.
Rxa2 g6 16. b3 Nc6 17. Nc4 Rfe8 18. Ra1 Bf8 19. Bg5 Bg7 20. Ne3 Ne7 21. Nd2 Qd7
22. Ndc4 Rab8 23. Qf3 Qe6 24. Bxf6 Bxf6 25. Qg4 Red8 26. Qxe6 fxe6 27. Ng4 Bg7
28. Re2 Nc6 29. Rae1 h5 30. Nge3 d5 31. Nb2 Nd4 32. Rd2 dxe4 33. Nec4 exd3 34.
Nxd3 Nxc2 35. Red1 Nd4 36. Nxc5 a5 37. Ne4 Rd5 38. Rb1 Rbd8 39. Kf1 Rf8 40. Nb6
Rdd8 41. Rbd1 Rf4 42. Nc5 Rdf8 43. Nd3 R4f5 44. Rb1 e4 45. Ne1 e3 46. Ra2 Rxf2+
47. Rxf2 Rxf2+ 0-1

[Event "Wch Juvenil 2010 sub12 Femenino"]
[Site "Porto Carras GRE"]
[Date "2010.10.24"]
[Round "5.9"]
[White "Ghukasyan, Siranush"]
[Black "Zamalova, Ramilya"]
[Result "1/2-1/2"]
[WhiteElo "1779"]
[BlackElo "1864"]
[PlyCount "56"]
[EventDate "2010.10.20"]
[EventType "swiss"]
[EventRounds "11"]
[EventCountry "GRE"]
[Source "lmi"]
[SourceDate "2010.10.20"]

1. e4 c5 2. Nf3 d6 3. c3 Nf6 4. Be2 e6 5. O-O Nc6 6. d3 Be7 7. Re1 O-O 8. Bf1
e5 9. d4 cxd4 10. cxd4 Bg4 11. d5 Nd4 12. Be3 Nxf3+ 13. gxf3 Bd7 14. Nc3 Nh5
15. Ne2 f5 16. Ng3 Nxg3 17. fxg3 f4 18. Bf2 Rf6 19. gxf4 Rg6+ 20. Kh1 exf4 21.
Qb3 Bh4 22. Bxh4 Qxh4 23. Re2 b6 24. Rg2 Rxg2 25. Bxg2 Rc8 26. Qb4 Bh3 27. Qd2
Bxg2+ 28. Qxg2 Qf6 1/2-1/2

[Event "Wch Juvenil 2010 sub12 Femenino"]
[Site "Porto Carras GRE"]
[Date "2010.10.24"]
[Round "5.10"]
[White "Rodionova, Daria"]
[Black "Vidic, Teja"]
[Result "0-1"]
[WhiteElo "1856"]
[BlackElo "1767"]
[PlyCount "84"]
[EventDate "2010.10.20"]
[EventType "swiss"]
[EventRounds "11"]
[EventCountry "GRE"]
[Source "lmi"]
[SourceDate "2010.10.20"]

1. e4 e5 2. Nf3 Nc6 3. d4 exd4 4. Nxd4 Bc5 5. Nxc6 Qf6 6. Qf3 bxc6 7. Nd2 d6 8.
Nb3 Bb6 9. c3 Qxf3 10. gxf3 Ne7 11. Be3 O-O 12. O-O-O Be6 13. c4 Bxe3+ 14. fxe3
f5 15. Nd4 Bd7 16. exf5 Nxf5 17. Nxf5 Bxf5 18. Bg2 Rae8 19. e4 Be6 20. b3 a5
21. Kc2 a4 22. Kc3 axb3 23. axb3 c5 24. Ra1 Bh3 25. Bxh3 Rxf3+ 26. Kb2 Rxh3 27.
Ra7 Rb8 28. Rxc7 Rhxb3+ 29. Ka2 R3b4 30. Ra7 Rxc4 31. Rd1 Rxe4 32. Rxd6 Re2+
33. Ka1 Rf8 34. Rd1 Rxh2 35. Rg1 g6 36. Rb7 Rf7 37. Rb5 Rc7 38. Rc1 c4 39. Rb4
c3 40. Rb3 Rh3 41. Kb1 c2+ 42. Kb2 Rxb3+ 0-1

[Event "Wch Juvenil 2010 sub12 Femenino"]
[Site "Porto Carras GRE"]
[Date "2010.10.24"]
[Round "6.1"]
[White "Malatsilava, Volha"]
[Black "Vu, Thi Dieu Ai"]
[Result "1-0"]
[WhiteElo "1842"]
[BlackElo "1801"]
[PlyCount "61"]
[EventDate "2010.10.20"]
[EventType "swiss"]
[EventRounds "11"]
[EventCountry "GRE"]
[Source "lmi"]
[SourceDate "2010.10.20"]

1. e4 c5 2. d4 cxd4 3. c3 dxc3 4. Nxc3 d6 5. Bc4 Nf6 6. e5 dxe5 7. Bxf7+ Kxf7
8. Qxd8 Nc6 9. Qd1 Be6 10. Nf3 h6 11. Qe2 g6 12. Nxe5+ Nxe5 13. Qxe5 Bg7 14.
Qe2 Rac8 15. Qf3 b6 16. O-O Rhd8 17. Bf4 Rc5 18. Rfe1 Bf5 19. Qe3 Re8 20. h3 h5
21. Be5 Rcc8 22. Rad1 Kf8 23. Nd5 Kf7 24. Nc7 Red8 25. Rxd8 Rxd8 26. Bxf6 Bxf6
27. Qb3+ Kg7 28. Nd5 Bc2 29. Qf3 Bf5 30. Nxf6 exf6 31. Re7+ 1-0

[Event "Wch Juvenil 2010 sub12 Femenino"]
[Site "Porto Carras GRE"]
[Date "2010.10.24"]
[Round "6.2"]
[White "Osmak, Iulija"]
[Black "Mahalakshmi, M."]
[Result "1/2-1/2"]
[WhiteElo "1979"]
[BlackElo "1815"]
[PlyCount "88"]
[EventDate "2010.10.20"]
[EventType "swiss"]
[EventRounds "11"]
[EventCountry "GRE"]
[Source "lmi"]
[SourceDate "2010.10.20"]

1. b4 Nf6 2. Bb2 e6 3. b5 d5 4. e3 Bd6 5. Nf3 O-O 6. Be2 Nbd7 7. O-O a6 8. a4
c5 9. c4 b6 10. d4 Bb7 11. Nbd2 Qe7 12. Qb3 Ne4 13. Nxe4 dxe4 14. Nd2 f5 15. a5
bxa5 16. Rxa5 cxd4 17. Bxd4 Kh8 18. bxa6 Bc6 19. a7 e5 20. Bc3 Rf6 21. Rb1 Bc7
22. Bb4 Qd8 23. Ra2 Rg6 24. Bf1 f4 25. c5 Nf6 26. Nc4 Ng4 27. h3 Bd5 28. Qd1
Nf6 29. Ra3 f3 30. g3 h5 31. Nd6 Bxd6 32. cxd6 h4 33. Be1 Qxd6 34. Ra5 Kh7 35.
Rbb5 Qc7 36. Rc5 Qb7 37. Rcb5 Qd7 38. Rxd5 Nxd5 39. Rxd5 Qxa7 40. g4 Qa1 41.
Qd2 Rc6 42. Ra5 Rxa5 43. Qxa5 Qxa5 44. Bxa5 g5 1/2-1/2

[Event "Wch Juvenil 2010 sub12 Femenino"]
[Site "Porto Carras GRE"]
[Date "2010.10.24"]
[Round "6.3"]
[White "Sunyasakta, Satpathy"]
[Black "Hojjatova, Aydan Hikmat"]
[Result "1-0"]
[WhiteElo "1899"]
[BlackElo "1818"]
[PlyCount "157"]
[EventDate "2010.10.20"]
[EventType "swiss"]
[EventRounds "11"]
[EventCountry "GRE"]
[Source "lmi"]
[SourceDate "2010.10.20"]

1. e4 c6 2. c4 d5 3. exd5 cxd5 4. cxd5 Nf6 5. Qa4+ Nbd7 6. Nc3 g6 7. Bc4 Bg7 8.
d3 O-O 9. Nf3 a6 10. Qa3 Nb6 11. Qb3 Qc7 12. h3 Bd7 13. Be3 Nxc4 14. dxc4 e6
15. O-O Rfc8 16. Nd2 exd5 17. cxd5 b5 18. a3 Rab8 19. Rac1 Qe5 20. Rfe1 Qd6 21.
Bd4 Re8 22. Nde4 Nxe4 23. Nxe4 Qf4 24. Bxg7 Rxe4 25. Bc3 Rbe8 26. Qc2 Bf5 27.
Qd2 Qxd2 28. Bxd2 Rd8 29. g4 Rxe1+ 30. Rxe1 Bd3 31. Bc3 Kf8 32. d6 Rd7 33. Bf6
Bc4 34. Re3 Be6 35. Be7+ Ke8 36. Rc3 Ra7 37. g5 Kd7 38. f4 Rb7 39. Kf2 b4 40.
axb4 Rxb4 41. Rc7+ Ke8 42. Bf6 Bd7 43. Ke3 Rb3+ 44. Kd2 Rb6 45. Be5 Kd8 46. Ke3
Rb3+ 47. Kd2 Rb6 48. Kd3 Rb3+ 49. Kc2 Rb6 50. Kb1 Bf5+ 51. Ka2 Be6+ 52. Ka1 Bd7
53. Bf6+ Ke8 54. Ra7 Rc6 55. b4 Rc1+ 56. Kb2 Rc6 57. h4 Rc4 58. Kb3 Rc6 59.
Ra8+ Bc8 60. Ka4 Kd7 61. Be5 Ke6 62. Ra7 Bd7 63. Ka5 Rc2 64. Kxa6 Rc4 65. Ka5
Rc2 66. Rc7 Ra2+ 67. Kb6 Ra4 68. b5 Rb4 69. Rc5 Rb3 70. Ka6 Ra3+ 71. Kb7 Ra5
72. Kb6 Ra4 73. Rc7 Rb4 74. Ka6 Ra4+ 75. Kb7 Bxb5 76. Re7+ Kd5 77. d7 Bc6+ 78.
Kb6 Ra8 79. Bc7 1-0

[Event "Wch Juvenil 2010 sub12 Femenino"]
[Site "Porto Carras GRE"]
[Date "2010.10.24"]
[Round "6.4"]
[White "Mammadzada, Gunay Vuqar"]
[Black "Li, Zhuoling"]
[Result "0-1"]
[WhiteElo "1815"]
[BlackElo "1863"]
[PlyCount "60"]
[EventDate "2010.10.20"]
[EventType "swiss"]
[EventRounds "11"]
[EventCountry "GRE"]
[Source "lmi"]
[SourceDate "2010.10.20"]

1. e4 c5 2. Nf3 Nc6 3. d4 cxd4 4. Nxd4 e5 5. Nb5 d6 6. c4 Be7 7. N1c3 a6 8. Na3
f5 9. exf5 Bxf5 10. Bd3 Be6 11. Nc2 Nf6 12. O-O O-O 13. Bg5 Nd7 14. Bxe7 Qxe7
15. Ne3 Nc5 16. Ncd5 Qd8 17. Be2 Nd4 18. b4 Nd7 19. Bg4 Bxg4 20. Qxg4 b5 21. f4
exf4 22. Rxf4 Rxf4 23. Nxf4 Ne5 24. Qd1 Qg5 25. Nfd5 bxc4 26. Kh1 Nd3 27. Qd2
Rf8 28. h3 Nf2+ 29. Kh2 Qe5+ 30. Kg1 Nxh3+ 0-1

[Event "Wch Juvenil 2010 sub12 Femenino"]
[Site "Porto Carras GRE"]
[Date "2010.10.24"]
[Round "6.5"]
[White "Vidic, Teja"]
[Black "Vasenina, Anna"]
[Result "0-1"]
[WhiteElo "1767"]
[BlackElo "1844"]
[PlyCount "80"]
[EventDate "2010.10.20"]
[EventType "swiss"]
[EventRounds "11"]
[EventCountry "GRE"]
[Source "lmi"]
[SourceDate "2010.10.20"]

1. e4 e5 2. Nf3 Nc6 3. d4 exd4 4. Nxd4 Bc5 5. Be3 Qf6 6. c3 Qg6 7. Qf3 Nf6 8.
Nxc6 Bxe3 9. Ne5 Qg5 10. Qxe3 Qxe5 11. Bd3 O-O 12. O-O Ng4 13. Qg3 Qxg3 14.
hxg3 f5 15. Nd2 fxe4 16. Bc4+ Kh8 17. Nxe4 b6 18. Rad1 Ne5 19. Bd5 c6 20. Bb3
d5 21. Ng5 h6 22. Nh3 Bg4 23. Rc1 Nf3+ 24. Kh1 Bxh3 25. gxh3 Nd2 26. Rfd1 Nxb3
27. axb3 Rxf2 28. Rb1 Re8 29. Rf1 Rd2 30. Rf7 Ree2 31. Rxa7 Rh2+ 32. Kg1 Rxh3
33. Ra6 Rxg3+ 34. Kh1 Rgg2 35. Rxb6 h5 36. Rxc6 h4 37. b4 h3 38. b5 Rh2+ 39.
Kg1 Rdg2+ 40. Kf1 Rh1# 0-1

[Event "Wch Juvenil 2010 sub12 Femenino"]
[Site "Porto Carras GRE"]
[Date "2010.10.24"]
[Round "6.6"]
[White "Liao, Rui"]
[Black "Peng, Jackie"]
[Result "1/2-1/2"]
[WhiteElo "1830"]
[BlackElo "1793"]
[PlyCount "55"]
[EventDate "2010.10.20"]
[EventType "swiss"]
[EventRounds "11"]
[EventCountry "GRE"]
[Source "lmi"]
[SourceDate "2010.10.20"]

1. d4 Nf6 2. c4 c5 3. e3 e6 4. Nf3 d5 5. Nc3 Nc6 6. Bd3 a6 7. a4 Bd6 8. O-O O-O
9. Qe2 dxc4 10. Bxc4 cxd4 11. exd4 Qc7 12. Be3 e5 13. dxe5 Nxe5 14. Nxe5 Bxe5
15. Nd5 Nxd5 16. Bxd5 Bxh2+ 17. Kh1 Bf4 18. g3 Bxe3 19. Qxe3 Bh3 20. Bg2 Bxg2+
21. Kxg2 Qc6+ 22. Qf3 Qxf3+ 23. Kxf3 Rfd8 24. Rfd1 Kf8 25. Rac1 Rxd1 26. Rxd1
Rb8 27. Rd7 b5 28. a5 1/2-1/2

[Event "Wch Juvenil 2010 sub12 Femenino"]
[Site "Porto Carras GRE"]
[Date "2010.10.24"]
[Round "6.7"]
[White "Vasova, Maria"]
[Black "Paramzina, Anastasya"]
[Result "1/2-1/2"]
[WhiteElo "1776"]
[BlackElo "1830"]
[PlyCount "86"]
[EventDate "2010.10.20"]
[EventType "swiss"]
[EventRounds "11"]
[EventCountry "GRE"]
[Source "lmi"]
[SourceDate "2010.10.20"]

1. e4 c5 2. Nf3 d6 3. d4 cxd4 4. Nxd4 Nf6 5. Nc3 a6 6. Be2 e6 7. Be3 Nbd7 8.
Qd2 b5 9. f3 Bb7 10. a3 Rc8 11. O-O Be7 12. Bd3 O-O 13. Qf2 Ne5 14. Rad1 Qc7
15. Nb3 d5 16. exd5 Nxd3 17. cxd3 Nxd5 18. Nxd5 Bxd5 19. Rc1 Qe5 20. Nc5 Qd6
21. Ne4 Qe5 22. Bd4 Qb8 23. Nc5 Bxc5 24. Rxc5 Rxc5 25. Bxc5 Rd8 26. Rc1 Rc8 27.
Qe3 h6 28. Rc3 Rc6 29. Bd4 Qc8 30. Qc1 f6 31. Rxc6 Qxc6 32. Qxc6 Bxc6 33. Kf2
Kf7 34. Ke3 Bd5 35. Bc3 e5 36. d4 Ke6 37. dxe5 fxe5 38. Bb4 Kf6 39. Bf8 a5 40.
h4 h5 41. Bd6 a4 42. Bf8 g5 43. hxg5+ Kxg5 1/2-1/2

[Event "Wch Juvenil 2010 sub12 Femenino"]
[Site "Porto Carras GRE"]
[Date "2010.10.24"]
[Round "6.8"]
[White "Kisteneva, Liza"]
[Black "Derakhshani, Dorsa"]
[Result "0-1"]
[WhiteElo "1953"]
[BlackElo "1799"]
[PlyCount "86"]
[EventDate "2010.10.20"]
[EventType "swiss"]
[EventRounds "11"]
[EventCountry "GRE"]
[Source "lmi"]
[SourceDate "2010.10.20"]

1. d4 d5 2. Nf3 Nf6 3. c4 e6 4. Nc3 Be7 5. e3 O-O 6. b3 b6 7. Bb2 Bb7 8. Bd3
Nbd7 9. O-O Ne4 10. Nd2 f5 11. Qc2 Qe8 12. f3 Nxd2 13. Qxd2 Qh5 14. Nb5 Rab8
15. Rac1 c6 16. Ba3 Bxa3 17. Nxa3 Rf6 18. e4 f4 19. cxd5 exd5 20. Rfe1 Rh6 21.
Qxf4 Rf8 22. Qg3 Rg6 23. Qf2 Rxf3 24. Qc2 Qg5 25. Bf1 Qf4 26. g3 Qf8 27. Nb1 c5
28. Bh3 Qd8 29. exd5 Qh4 30. Be6+ Kh8 31. g4 Nf8 32. Bf5 Rg5 33. Rf1 Rxf1+ 34.
Rxf1 g6 35. Bc8 Bxc8 36. Rxf8+ Kg7 37. Rf2 Qxg4+ 38. Rg2 Qxd4+ 39. Kh1 Qxd5 40.
Nc3 Kh6 41. Qd2 Bb7 42. h4 Qxg2+ 43. Qxg2 Rxg2 0-1

[Event "Wch Juvenil 2010 sub12 Femenino"]
[Site "Porto Carras GRE"]
[Date "2010.10.24"]
[Round "6.9"]
[White "Dordzhieva, Dinara"]
[Black "Ghukasyan, Siranush"]
[Result "1-0"]
[WhiteElo "1950"]
[BlackElo "1779"]
[PlyCount "61"]
[EventDate "2010.10.20"]
[EventType "swiss"]
[EventRounds "11"]
[EventCountry "GRE"]
[Source "lmi"]
[SourceDate "2010.10.20"]

1. e4 e5 2. Nf3 Nc6 3. Bc4 Bc5 4. d3 Nf6 5. c3 a6 6. O-O Ba7 7. Nbd2 d6 8. Bb3
O-O 9. h3 Nh5 10. Nxe5 Nxe5 11. Qxh5 Nxd3 12. Nf3 Qf6 13. Bc2 Ne5 14. Nd4 Qg6
15. Qg5 Qxg5 16. Bxg5 Bxh3 17. f4 Bg4 18. Kh2 Nc4 19. f5 Ne5 20. f6 g6 21. Bh6
Rfe8 22. Kg3 Bd7 23. Rf4 Nc4 24. Rh4 Re5 25. Rah1 Ra5 26. b4 Rxa2 27. Bg7 Ra3
28. Rxh7 Rxc3+ 29. Nf3 Bf2+ 30. Kxf2 Rxc2+ 31. Kg3 1-0

[Event "Wch Juvenil 2010 sub12 Femenino"]
[Site "Porto Carras GRE"]
[Date "2010.10.24"]
[Round "6.10"]
[White "Tohirjonova, Gulruhbegim"]
[Black "Hua, Margaret"]
[Result "1/2-1/2"]
[WhiteElo "1762"]
[BlackElo "1943"]
[PlyCount "105"]
[EventDate "2010.10.20"]
[EventType "swiss"]
[EventRounds "11"]
[EventCountry "GRE"]
[Source "lmi"]
[SourceDate "2010.10.20"]

1. e4 e5 2. Nf3 Nc6 3. d4 exd4 4. Nxd4 Nf6 5. Nc3 Bb4 6. Nxc6 bxc6 7. Bd3 d5 8.
exd5 cxd5 9. O-O O-O 10. Bg5 c6 11. Qf3 Be7 12. Rae1 Rb8 13. Rb1 Be6 14. Ne2
Qd7 15. h3 c5 16. c3 h6 17. Bf4 Rb6 18. Bc2 Bf5 19. Bxf5 Qxf5 20. Ng3 Qd7 21.
Rfd1 Bd6 22. Bxd6 Qxd6 23. Nf5 Qc7 24. Ne3 Qb7 25. Nxd5 Nxd5 26. Qxd5 Qxd5 27.
Rxd5 Rc8 28. Rd7 Ra6 29. a3 Rb8 30. Re1 Rxb2 31. Re8+ Kh7 32. Rxf7 Rf6 33. Rxf6
gxf6 34. Re7+ Kg6 35. Rxa7 Rc2 36. a4 Rxc3 37. a5 Ra3 38. Kf1 Kf5 39. g4+ Ke4
40. Kg2 Kd3 41. a6 c4 42. Rd7+ Kc2 43. a7 c3 44. Rc7 Kd2 45. Rd7+ Kc1 46. h4 c2
47. f4 Kb1 48. Rb7+ Kc1 49. Rc7 Kb2 50. Rb7+ Kc3 51. Rc7+ Kd2 52. Rd7+ Ke3 53.
Rc7 1/2-1/2

[Event "Wch Juvenil 2010 sub12 Femenino"]
[Site "Porto Carras GRE"]
[Date "2010.10.26"]
[Round "7.1"]
[White "Li, Zhuoling"]
[Black "Malatsilava, Volha"]
[Result "1-0"]
[WhiteElo "1863"]
[BlackElo "1842"]
[PlyCount "79"]
[EventDate "2010.10.20"]
[EventType "swiss"]
[EventRounds "11"]
[EventCountry "GRE"]
[Source "lmi"]
[SourceDate "2010.10.20"]

1. e4 e5 2. Nf3 Nc6 3. Bb5 a6 4. Ba4 d6 5. O-O Bd7 6. d3 Nf6 7. c3 Be7 8. Nbd2
O-O 9. Re1 Re8 10. Nf1 Bf8 11. Ng3 b5 12. Bb3 Na5 13. Bc2 Bg4 14. h3 Bd7 15. d4
Nc4 16. b3 Nb6 17. Bb2 exd4 18. cxd4 c5 19. e5 dxe5 20. dxe5 Nfd5 21. Ne4 Bc6
22. Neg5 g6 23. e6 fxe6 24. Nxh7 Bg7 25. Ne5 Bxe5 26. Bxe5 Qh4 27. Bxg6 Re7 28.
Re4 Qh6 29. Qg4 Nd7 30. Bf5+ Kf7 31. Bxe6+ Rxe6 32. Ng5+ Ke7 33. Bd6+ Kxd6 34.
Rxe6+ Qxe6 35. Qxe6+ Kc7 36. Ne4 Rd8 37. Qd6+ Kb6 38. Nxc5 Nc7 39. a4 a5 40.
Qd4 1-0

[Event "Wch Juvenil 2010 sub12 Femenino"]
[Site "Porto Carras GRE"]
[Date "2010.10.26"]
[Round "7.3"]
[White "Mahalakshmi, M."]
[Black "Sunyasakta, Satpathy"]
[Result "1/2-1/2"]
[WhiteElo "1815"]
[BlackElo "1899"]
[PlyCount "56"]
[EventDate "2010.10.20"]
[EventType "swiss"]
[EventRounds "11"]
[EventCountry "GRE"]
[Source "lmi"]
[SourceDate "2010.10.20"]

1. d4 d5 2. c4 e6 3. Nc3 Nf6 4. Nf3 c6 5. Bg5 Nbd7 6. e3 Qa5 7. Bxf6 Nxf6 8. c5
Ne4 9. Qc2 b6 10. cxb6 Bb4 11. Bd3 Nxc3 12. O-O Qa4 13. bxc3 Qxc2 14. Bxc2 Bxc3
15. Ba4 Bb7 16. Rac1 axb6 17. Bxc6+ Bxc6 18. Rxc3 Bd7 19. Rc7 f6 20. Rb7 Ke7
21. Rxb6 Rxa2 22. Rfb1 Rha8 23. h3 Rc2 24. Ne1 Rd2 25. R6b2 Rxb2 26. Rxb2 Ra1
27. Kf1 Bc8 28. f3 Ra2 1/2-1/2

[Event "Wch Juvenil 2010 sub12 Femenino"]
[Site "Porto Carras GRE"]
[Date "2010.10.26"]
[Round "7.5"]
[White "Paramzina, Anastasya"]
[Black "Ivana, Maria Furtado"]
[Result "0-1"]
[WhiteElo "1830"]
[BlackElo "1924"]
[PlyCount "100"]
[EventDate "2010.10.20"]
[EventType "swiss"]
[EventRounds "11"]
[EventCountry "GRE"]
[Source "lmi"]
[SourceDate "2010.10.20"]

1. Nf3 Nf6 2. c4 e6 3. g3 d5 4. Bg2 c6 5. cxd5 cxd5 6. O-O Nc6 7. d4 Bd6 8. Nc3
a6 9. a4 O-O 10. Re1 Bb4 11. Rf1 Qa5 12. Na2 Bd6 13. b4 Qb6 14. Rb1 Nxb4 15.
Nxb4 Bxb4 16. Bg5 a5 17. Bxf6 gxf6 18. Qc1 Qd6 19. Qh6 Qe7 20. g4 Bd7 21. Ra1
Kh8 22. h4 Rg8 23. Nh2 Bc3 24. Rad1 Bxa4 25. Rd3 Bb4 26. h5 f5 27. gxf5 Qg5 28.
Qxg5 Rxg5 29. fxe6 fxe6 30. h6 Rag8 31. Rg3 Rxg3 32. fxg3 Rxg3 33. Nf3 Bd6 34.
Ra1 b5 35. Rc1 Rg8 36. Kh1 Bf4 37. e3 Bxh6 38. Ne5 Rf8 39. Rc7 Bxe3 40. Nf7+
Kg8 41. Bh3 Bd1 42. Kg2 Bh5 43. Ne5 Rf6 44. Rc8+ Kg7 45. Rc7+ Kh6 46. Re7 Bxd4
47. Nc6 Rg6+ 48. Kh2 Bg1+ 49. Kh1 Bf3+ 50. Bg2 Rxg2 0-1

[Event "Wch Juvenil 2010 sub12 Femenino"]
[Site "Porto Carras GRE"]
[Date "2010.10.26"]
[Round "7.6"]
[White "Peng, Jackie"]
[Black "Zamalova, Ramilya"]
[Result "1-0"]
[WhiteElo "1793"]
[BlackElo "1864"]
[PlyCount "75"]
[EventDate "2010.10.20"]
[EventType "swiss"]
[EventRounds "11"]
[EventCountry "GRE"]
[Source "lmi"]
[SourceDate "2010.10.20"]

1. e4 c6 2. d4 d5 3. Nc3 dxe4 4. Nxe4 Bf5 5. Ng3 Bg6 6. h4 h6 7. Nf3 Nd7 8. h5
Bh7 9. Bd3 Bxd3 10. Qxd3 e6 11. Bd2 Qc7 12. O-O-O Ngf6 13. Ne4 Nxe4 14. Qxe4
Nf6 15. Qe2 O-O-O 16. g3 Bd6 17. c4 c5 18. Bc3 cxd4 19. Nxd4 a6 20. Kb1 Be7 21.
f4 Rd7 22. Nf3 Rxd1+ 23. Rxd1 Rd8 24. Rxd8+ Kxd8 25. Ne5 Ke8 26. g4 Qb6 27. Kc2
Qg1 28. Qd2 Kf8 29. Bb4 Bxb4 30. Qxb4+ Kg8 31. Qxb7 Qf2+ 32. Kb3 Qe3+ 33. Ka4
Qxf4 34. Qxf7+ Kh7 35. Qxe6 Qc1 36. Qf5+ Kg8 37. Qc8+ Kh7 38. Nf7 1-0

[Event "Wch Juvenil 2010 sub12 Femenino"]
[Site "Porto Carras GRE"]
[Date "2010.10.26"]
[Round "7.7"]
[White "Derakhshani, Dorsa"]
[Black "Liao, Rui"]
[Result "1-0"]
[WhiteElo "1799"]
[BlackElo "1830"]
[PlyCount "105"]
[EventDate "2010.10.20"]
[EventType "swiss"]
[EventRounds "11"]
[EventCountry "GRE"]
[Source "lmi"]
[SourceDate "2010.10.20"]

1. e4 c6 2. d4 d5 3. Nc3 dxe4 4. Nxe4 Bf5 5. Ng3 Bg6 6. h4 h6 7. Nf3 Nd7 8. h5
Bh7 9. Bd3 Bxd3 10. Qxd3 e6 11. Bf4 Qa5+ 12. Bd2 Bb4 13. Ne4 Ngf6 14. Nd6+ Ke7
15. Nc4 Bxd2+ 16. Nfxd2 Qd5 17. O-O-O Rhd8 18. f3 b5 19. Qa3+ c5 20. Na5 Rac8
21. Ne4 Nxe4 22. fxe4 Qxe4 23. dxc5 b4 24. Qd3 Qxd3 25. Rxd3 Nxc5 26. Rxd8 Kxd8
27. Rh4 Ke7 28. Rc4 Rc7 29. Kd2 Na6 30. Rxc7+ Nxc7 31. Nc6+ Kf6 32. Nxa7 Kg5
33. Nc6 Na6 34. c3 Kxh5 35. cxb4 Kg4 36. b5 Nc5 37. Ke2 Kg3 38. Kf1 f5 39. b6
f4 40. b4 Nb7 41. Na5 Nd8 42. b7 Nxb7 43. Nxb7 e5 44. Nc5 g5 45. b5 Kh2 46. Ne4
g4 47. Kf2 h5 48. b6 h4 49. b7 f3 50. g3 hxg3+ 51. Nxg3 e4 52. Nxe4 g3+ 53.
Nxg3 1-0